| 000 | 00903nam a22001937a 4500 | ||
|---|---|---|---|
| 999 |
_c174277 _d174277 |
||
| 005 | 20200601161009.0 | ||
| 010 | _aUR-10770 | ||
| 020 |
_c300.00 _a9789389002379 |
||
| 035 | _aU-9325 | ||
| 037 |
_bDBAD/PUB _a- |
||
| 082 | _a270.44 | ||
| 100 | _aمر تبين:سيد عا د ل ا ختر و پر و فيسر سيد حيد ر عبا س ر ضو ی | ||
| 245 |
_aا نتخا ب نہج ا لبلا غہ (ا ر د و تر جمے ) _cمر تبين:سيد عا د ل ا ختر و پر و فيسر سيد حيد ر عبا س ر ضو ی |
||
| 246 |
_bIntekhab-e-Nehjul Balaghah(Urdu Translation) (Urdu) _aEdited by Syed Adil Akhtar and Prof. Syed Haider Abbas Rizvi |
||
| 260 |
_aDelhi _bEducational Publishing House _c2019 ء |
||
| 270 |
_a3191,Vakil Street,Kucha Pandit Lal Kuan, _bDelhi _e110006 _k23216162 _l- |
||
| 300 |
_a261 ص _c22 Cm(Hb) |
||
| 942 |
_2ddc _cUR _h270.44 _mت ر ج |
||